000 00920nam a22002657a 4500
005 20170123162333.0
010 _aA-412389
020 _c50.00
035 _aA-412389
037 _bCen Lib/Ret
040 _aDPL
_bUR
082 _aن
_bآ ن ن
100 _aآنند، ملک راج
_9517
245 _aاچھوت /
_cملک راج آنند ؛ مرتجم م .م. راجندر
246 _aAchhoot /
_bby Mulk Raj Anand ؛ translated by M.M. Rajinder
260 _aنیی دہلی
_bساہتیہ اکادمی
_c1990
270 _aرویندرا بھون ٣٥، فیروز شاہ مارگ
_bنیی دہلی
_e110001
300 _a176p.
_c21cm(Hb)
650 _a ادب - انگریزی
_9109373
650 _a انگریزی ناول
_9530
650 _aLiterature -- English
_932150
650 _aEnglish novel
_914422
700 _aم .م. راجندر
_9122778
942 _2ddc
_cUR
_hن
_mآ ن ن
999 _c107952
_d107952